000 00379nam a2200133Ia 4500
005 20260326235444.0
008 260326s9999||||xx |||||||||||||| ||und||
100 _aFlores Marini, Carlos
245 0 _aRestauración de Monumentos /
_cCarlos Flores Marini
260 _bInstituto Nacional de Bellas Artes
300 _a76 p.
650 _aRESATURACIÓN Y CONSERVACIÓN
942 _cBK
999 _c7526
_d7526